Top 50 Points Scoring F1 Drivers - Statistics

General Stats
  • This quiz has been taken 209 times
  • The average score is 23 of 50
Answer Stats
Points Driver % Correct
4,660.5 Lewis Hamilton
99%
3,961 Michael Schumacher
98%
1,102 Ralf Schumacher
98%
2,872 Fernando Alonso
93%
3,299 Sebastian Vettel
93%
2,830 Kimi Raikkonen
92%
1,874.5 Ayrton Senna
91%
1,757.5 Max Verstappen
89%
2,508.5 Alain Prost
87%
1,844.5 Jenson Button
87%
1,757 Nico Rosberg
87%
1,361 Niki Lauda
83%
828.1 Juan Manuel Fangio
80%
1,406 Mika Hakkinen
80%
1,521 Nigel Mansell
76%
1,108 Damon Hill
75%
1,061 Graham Hill
75%
1,700 Nelson Piquet
73%
1,298 Daniel Ricciardo
70%
1,123 Jackie Stewart
68%
708 Charles Leclerc
64%
1,741 David Coulthard
62%
1,044 Sergio Perez
62%
999 Emerson Fittipaldi
60%
857 Jim Clark
60%
944.3 Jack Brabham
54%
719 Alan Jones
48%
947 Denny Hulme
36%
1,906 Rubens Barrichello
23%
1,696 Felipe Massa
17%
1,793 Valterri Bottas
14%
1,376 Mark Webber
13%
834 Juan Pablo Montoya
12%
1,425.5 Gerhard Berger
10%
942 Giancarlo Fisichella
10%
805 Jarno Trulli
10%
1,116 Riccardo Patrese
10%
1,128.5 Carlos Reutemann
9%
1,034 Jean Alesi
8%
829.5 Clay Regazzoni
7%
790 Eddie Irvine
7%
731 Ronnie Peterson
7%
923 Jacques Laffite
6%
720 Nick Heidfeld
6%
756.5 Bruce McLaren
5%
736.5 John Watson
5%
861 Jacque Villeneuve
4%
899 Jody Sheckter
2%
785 Heinz-Herald Frentzen
1%
767 Michele Albereto
1%
No matching quizzes found
Score Distribution
Percent of People with Each Score
Percentile by Number Answered
Your Score History
You have not taken this quiz